| 000 | 01356nam a2200289 a 4500 | ||
|---|---|---|---|
| 001 | 000003051 | ||
| 005 | 20200929150322.0 | ||
| 008 | 090706s2008 dr 000 0 spa d | ||
| 020 | _a9789945457100 | ||
| 040 |
_aDO-SdBNP _bspa _cBNPHU |
||
| 082 |
_a972.9403 _bF825r, 2008 |
||
| 100 | 1 |
_aFranco, José Luciano, _d1891-1989 _99643 |
|
| 245 | 1 | 0 |
_aHistoria de la revolución de Haití / _cJosé Luciano Franco. |
| 250 | _a3a ed. | ||
| 260 |
_aSanto Domingo : _bSociedad Dominicana de Bibliófilos, _c2008. |
||
| 300 |
_a314p. ; _c22 cm. |
||
| 490 | 1 | _aBibliófilos 2000 | |
| 500 | _aContiene datos de la colección de cultura dominicana | ||
| 500 | _aIncluye datos biográficos del autor en la contracubierta | ||
| 504 | _aIncluye referencias bibliográficas y notas al pie de las páginas | ||
| 504 | _aIncluye bibliografías (p.303-306) | ||
| 505 | 0 | _aPresentación -- Estudio sobre "Historia de la revolucion de Haití" -- Conquista y colonización de Haití -- Contrabandistas, Filibusteros y Bucaneros -- La colonia francesa de la Tortuga y Costa de Santo Domingo -- Azúcar, monopolios y esclavitud -- La sociedad colonial -- La revolución -- Bibliografía | |
| 651 | 4 |
_aHaití _xHistoria _y- 1791 _99644 |
|
| 651 | 4 |
_aHaití _xHistoria _yREVOLUCIÓN 1791-1804 _99645 |
|
| 830 | 0 |
_aBibliófilos 2000 _91044 |
|
| 910 | _aJornada de Catalogación | ||
| 999 |
_c2882 _d2882 |
||